ბათუმის შოთა რუსთაველის სახელმწიფო უნივერსიტეტის ბიბლიოთეკა

Ботаника. (ბიბ.ჩანაწერი № 45552)

000 -LEADER
fixed length control field 00494nam a2200205Ia 4500
001 - CONTROL NUMBER
control field 12378
003 - CONTROL NUMBER IDENTIFIER
control field GE_BSU
008 - FIXED-LENGTH DATA ELEMENTS--GENERAL INFORMATION
fixed length control field 181216s||||||||xx |||||||||||||| ||und||
040 ## - CATALOGING SOURCE
Transcribing agency GE_BSU
080 ## - UNIVERSAL DECIMAL CLASSIFICATION NUMBER
Universal Decimal Classification number 58(075.8)
100 ## - MAIN ENTRY--PERSONAL NAME
Personal name Тихомиров,Ф.К.
245 ## - TITLE STATEMENT
Title Ботаника.
245 ## - TITLE STATEMENT
Statement of responsibility, etc. Ред.Капышева В.С.
260 ## - PUBLICATION, DISTRIBUTION, ETC.
Place of publication, distribution, etc. Москва
260 ## - PUBLICATION, DISTRIBUTION, ETC.
Name of publisher, distributor, etc. Высшая школа
260 ## - PUBLICATION, DISTRIBUTION, ETC.
Date of publication, distribution, etc. 1974
300 ## - PHYSICAL DESCRIPTION
Extent 396стр.22см.
653 ## - INDEX TERM--UNCONTROLLED
Uncontrolled term Ботаника.
942 ## - ADDED ENTRY ELEMENTS (KOHA)
Koha item type წიგნი
ეგზემპლარები
Withdrawn status Lost status Damaged status Not for loan Date acquired Barcode Date last seen Price effective from Koha item type
        2018-12-17 20412 2018-12-17 2018-12-17 წიგნი